| 000 | 00488nam a22001817a 4500 | ||
|---|---|---|---|
| 003 | CEME | ||
| 005 | 20210628203301.0 | ||
| 008 | 210125b xxu||||| |||| 00| 0 eng d | ||
| 020 | _a978019-9289295 | ||
| 040 | _c. | ||
| 082 | _a530.15 WOO | ||
| 100 |
_aWoolfson, Michael.M, Woolfson, Malcolm.S _964477 |
||
| 245 | _aMathematics for physics | ||
| 260 |
_aNEW YORK _bOXFORD UNIVERSITY PRESS _c2007 |
||
| 300 | _aXX,784P | ||
| 650 |
_aMATHEMATICS FOR PHYSICS. _964478 |
||
| 942 |
_cBK _2ddc |
||
| 999 |
_c572954 _d572954 |
||